Jaka to piosenka po tekście? - Sabaton - Statystyki

Ogólne statystyki
  • Ten quiz został rozwiązany 101 razy
  • Średni wynik to 6 z 15
Statystyki odpowiedzi
Hint Odpowiedź % Poprawnych
"We remember, in September, That's the night when Vienna was freed" Winged Hussars
77%
"Fast as the wind, the invasion has begun" Ghost Division
73%
"All of these years I have been frozen in time,I cried for spring to come, but here winter remains" Soldier of Heaven
60%
"On the second night, in the darkest hour, The Kriegsmarine returns" Wolfpack
59%
"And I called for my mother and she never came, Though it wasn't my fault and I wasn't to blame" 1916
49%
"Once in the air, the battle begins, They have proven their worth, now they fly for revange" Aces in Exile
41%
"Escort to safety, out of the kill zone, A short salute, the departed" No Bullets Fly
41%
"Över Norden jag härskar Med det arv som jag gavs" Carolus Rex
39%
"From the foots of the Alps, To the shores of the sea" The Last Battle
31%
Status Quo has been reached, Wasp's Unleashed" Metal Crüe
23%
"Facing the storm, battle and thorn, Fighting for our..." Glorious Land
19%
"Final Solution, when all others have failed" Light in the Black
17%
"As the pop is growing stronger, Will metal fade away?" Masters of the World
14%
"In a dream I saw the future, In a dream I saw the world" Nightchild
14%
"And as the end draws near, November dawn" The End of the War to End All Wars
13%
Nie znaleziono quizów pasujących do podanych kryteriów
Rozkład punktacji
Procent ludzi z każdym wynikiem
Percentyl według liczby udzielonych odpowiedzi
Twoja historia wyników
Nie rozwiązałeś tego quizu